LIBRARY & INFORMATION CENTRE, KCAET, TAVANUR

ONLINE PUBLIC ACCESS CATALOGUE (OPAC)

Materials Science and Engineering: A First Course / (Record no. 9333)

MARC details
000 -LEADER
fixed length control field 00360cam a2200133ua 4500
020 ## - INTERNATIONAL STANDARD BOOK NUMBER
ISBN 0-87692-580-8
082 ## - DEWEY DECIMAL CLASSIFICATION NUMBER
Classification number 620.11
Item number RAG/MA
100 ## - MAIN ENTRY--AUTHOR NAME
Personal name Raghavan, V .
245 ## - TITLE STATEMENT
Title Materials Science and Engineering: A First Course /
250 ## - EDITION STATEMENT
Edition statement 3 / 5 th
260 ## - PUBLICATION, DISTRIBUTION, ETC. (IMPRINT)
Place of publication New Delhi :
Name of publisher Prentice Hall of India Pvt Ltd. ,
Year of publication 2005
300 ## - PHYSICAL DESCRIPTION
Number of Pages 400, 439
942 ## - ADDED ENTRY ELEMENTS (KOHA)
Koha item type Books
Holdings
Withdrawn status Lost status Damaged status Home library Current library Date acquired Full call number Accession Number Koha item type Collection code Shelving location Source of acquisition Cost, normal purchase price
      KAUAET KAUAET 07/04/2012 620.11 RAG/MA 18741 Books        
      KAUAET KAUAET 26/11/2012 620.11 RAG/MA 23634 Books Non-fiction General Stacks CosmoBooks, Calicut 250.00
      KAUAET KAUAET 26/11/2012 620.11 RAG/MA 23635 Books Non-fiction General Stacks CosmoBooks, Calicut 250.00
      KAUAET KAUAET 05/09/2016 620.11 RAG/MA BB 11 Book Bank scheme for SC students   Scheme Cosmo Books, Thrissur. 225.00
      KAUAET KAUAET 05/09/2016 620.11 RAG/MA BB 12 Book Bank scheme for SC students   Scheme Cosmo Books, Thrissur. 225.00
free website counter